Statistics for 8 Characteristics of Life

Click here to take the quiz!

General Stats

  • This quiz has been taken 56 times
  • The average score is 2 of 8

Answer Stats

Characteristic% Correct
Reproduction
75%
Growth and Development
45%
Adaptation through evolution
25%
Metabolism
25%
Homeostasis
20%
Cellular Organization
15%
Response to stimuli
15%
Heredity
10%

Score Distribution

Percentile by Number Answered

Percent of People with Each Score

Your Score History

You have not taken this quiz